Normal view
MARC view
- Black, Edgae J. (editor.)
Entry Personal Name
001 - CONTROL NUMBER
- control field: 6857
003 - CONTROL NUMBER IDENTIFIER
- control field: OSt
005 - DATE AND TIME OF LATEST TRANSACTION
- control field: 20250108152313.0
008 - FIXED-LENGTH DATA ELEMENTS
- fixed length control field: 250108|| aca||aabn | a|a d
040 ## - CATALOGING SOURCE
- Original cataloging agency: OSt
- Transcribing agency: OSt
100 ## - HEADING--PERSONAL NAME
- Personal name: Black, Edgae J. (editor.)
670 ## - SOURCE DATA FOUND
- Source citation: Work cat.: (OSt)2314: Radio valves / , 1964.
